Normal view
MARC view
- REYES Y GOBERNANTES
Entry Materia
001 - NÚMERO DE CONTROL DEL REGISTRO
- campo de control: 1648
003 - IDENTIFICADOR DE NUMERO DE CONTROL
- campo de control: UPN
005 - FECHA Y HORA DE LA ÚLTIMA TRANSACCIÓN
- campo de control: 20210219193614.0
008 - DATOS DE LONGITUD FIJA
- campo de control de longitud fija: nabaccnnaabn|||||||||| b |nc|||||d
035 ## - NÚMERO DE CONTROL DEL SISTEMA
- Número de control del sistema: UPN10000001648
040 ## - FUENTE DE LA CATALOGACIÓN
- Lengua de catalogación: SPA
- Agencia de transcripción: UPN
150 ## - ENCABEZAMIENTO - TEMÁTICO
- Término de materia o nombre geográfico como elemento inicial: REYES Y GOBERNANTES
360 ## - REFERENCIA COMPLEJA DE VÉASE ADEMÁS - MATERIA
- Texto explicativo: Véase también subdivisiones de :
- Encabezamiento al que se remite: REINAS
- Texto explicativo: y
- Encabezamiento al que se remite: REYES Y GOBERNANTES
- Texto explicativo: bajo nombres de áreas geográficas y grupos étnicos. Ej.:
- Encabezamiento al que se remite: AZTECAS - REYES Y GOBERNANTES; ESPAÑA - REINAS; ESPAÑA - REYES Y GOBERNANTES
450 ## - VÉASE - MATERIA
- Encabezamiento temático: Soberanos
450 ## - VÉASE - MATERIA
- Encabezamiento temático: Reyes y Soberanos
670 ## - FUENTE EN LA QUE SE LOCALIZARON DATOS
- Cita de la fuente: E/P
902 ## - CATALOGADOR
- Catalogador: MMA/031105
